La conspiración del juicio final / (Registro nro. 2802)
[ vista simple ]
| 000 -LEADER | |
|---|---|
| fixed length control field | 01103nam a2200217 a 4500 |
| 005 - FECHA ULTIMA MODIFICACION | |
| control field | 20241028095620.0 |
| 008 - CAMPO DE CONTROL (LIBRO) | |
| fixed length control field | 100630t1999||||sp |||g p 1p0dspa d |
| 020 ## - INTERNATIONAL STANDARD BOOK NUMBER | |
| ISBN | 9500416689 |
| 041 ## - CODIGO DE IDIOMA | |
| Código de idioma del texto/pista de sonido o título separado | spa |
| 092 ## - SIGNATURA TOPOGRAFICA DEWEY LOCAL | |
| número de clasificación | 808 |
| libristica | 78 |
| sección | SHE |
| 100 1# - ENTRADA PRINCIPAL--NOMBRE PERSONAL | |
| Nombre personal | Sheldon, Sidney |
| 9 (RLIN) | 3940 |
| 245 #3 - TITULO PROPIAMENTE DICHO | |
| Título | La conspiración del juicio final / |
| Mención de responsabilidad y remanente de la transcripción de la portada | Sidney Sheldon |
| 250 ## - MENCION DE EDICION | |
| Mención de edición | 1a ed. |
| Mención de responsabilidad relacionada con la ed. | Traducción Nora Watson |
| 260 ## - PIE DE IMPRENTA | |
| Lugar de publicación, distribución, etc | Buenos Aires: |
| Nombre de la editorial, distribuidor, etc | Emecé; |
| Fecha de publicación | 1999. |
| 300 ## - DESCRIPCION FISICA | |
| Extension | 397 p. |
| 500 ## - NOTA GENERAL | |
| Nota general | Sheldon, S. (1994). La conspiración del juicio final. (1a ed.). Buenos Aires : Emecé. |
| 505 ## - NOTA DE CONTENIDO | |
| Nota de contenido formateada | Un oficial naval es designado para investigar el accidente de un globo meteorológico en los Alpes suizos. La investigación se convertirá en un aterrador viaje hacia lo insondable, mientras la mujer que ama no puede corresponderle y sus amigos se vuelven enemigos mortales. Con la habilidad que lo caracteriza, Sheldon ha creado una novela de acción sin respiro que es, a la vez, una conmovedora historia de amor. |
| 590 ## - NOTAS LOCALES (RLIN) | |
| Nota local | Proyecto 4to Libro. Donación Victoria Lara, Mayo 2018. |
| 655 ## - MATERIA - GENERO/FORMA | |
| Género/Forma | Literatura |
| -- | 2917 |
| 942 ## - ADDED ENTRY ELEMENTS (KOHA) | |
| Source of classification or shelving scheme | Library of Congress Classification |
| Item type | LITERATURA |
| Estado de retiro | Existencia | Fuente de clasificación | Estado general | No para prestamo | Ubicación permanente | ubicación actual | Sala de ubicación | Fecha de adquisición | Fuente de adquisición | Total Checkouts | Número de clasificación | Código de barras | Date last seen | Número de ejemplar | Price effective from | Koha tipo de elemento (item) | Public note |
|---|---|---|---|---|---|---|---|---|---|---|---|---|---|---|---|---|---|
| Dewey Decimal Classification | Biblioteca Medicina | Biblioteca Medicina | Circulación | 28/05/2018 | Donación Victoria Lara, mayo 2018 | 808 78 SHE | 4322 | 28/05/2018 | Ej. 1 | 28/05/2018 | LITERATURA | Proyecto 4to libro. Donación Victoria Lara, mayo 2018 |